Sly fox and little red hen / (Record no. 2061)

MARC details
000 -LEADER
fixed length control field 00982nam a22002777a 4500
005 - DATE AND TIME OF LATEST TRANSACTION
control field 20241125081859.0
020 ## - INTERNATIONAL STANDARD BOOK NUMBER
International Standard Book Number 9789814281195
040 ## - CATALOGING SOURCE
Original cataloging agency FISKH
Language of cataloging eng
Transcribing agency FISKH
Modifying agency FISKH
050 ## - LIBRARY OF CONGRESS CALL NUMBER
Classification number MLCM 97/08746 (P)
082 ## - DEWEY DECIMAL CLASSIFICATION NUMBER
Classification number 398.2
100 ## - MAIN ENTRY--PERSONAL NAME
Personal name Giles, Jenny
245 ## - TITLE STATEMENT
Title Sly fox and little red hen /
Statement of responsibility, etc. Retold by Jenny Giles Illustrated by Isabel Lowe
260 ## - PUBLICATION, DISTRIBUTION, ETC.
Place of publication, distribution, etc. South Melbourne :
Name of publisher, distributor, etc. Nelson School,
Date of publication, distribution, etc. 1998
300 ## - PHYSICAL DESCRIPTION
Extent 32 pages :
Dimensions 21 cm
505 ## - FORMATTED CONTENTS NOTE
Formatted contents note K
520 ## - SUMMARY, ETC.
Summary, etc. Light-hearted stories and fables about talking animals are a very old European tradition. This simple retelling omits the hen's amazing skill with a needle and thread, but retains the original humour of the tale. Set in Britain in the 19th century.
521 ## - TARGET AUDIENCE NOTE
Target audience note 540
Source Lexile
521 ## - TARGET AUDIENCE NOTE
Target audience note K
Source Raz-Plus
650 ## - SUBJECT ADDED ENTRY--TOPICAL TERM
Source of heading or term Animals
Topical term or geographic name entry element Animals
650 ## - SUBJECT ADDED ENTRY--TOPICAL TERM
Source of heading or term Farm animals
Topical term or geographic name entry element Farm animals
650 ## - SUBJECT ADDED ENTRY--TOPICAL TERM
Source of heading or term Chicken
Topical term or geographic name entry element Chicken
650 ## - SUBJECT ADDED ENTRY--TOPICAL TERM
Source of heading or term Fox
Topical term or geographic name entry element Fox
700 ## - ADDED ENTRY--PERSONAL NAME
Personal name Lowe, Isabel
Relator term Illustrator
942 ## - ADDED ENTRY ELEMENTS (KOHA)
Source of classification or shelving scheme Dewey Decimal Classification
Koha item type Books
Suppress in OPAC No
999 ## -
-- 2061
-- 2061
Holdings
Withdrawn status Lost status Source of classification or shelving scheme Damaged status Not for loan Collection Home library Current library Shelving location Date acquired Total Checkouts Full call number Barcode Date last seen Date last checked out Copy number Price effective from Koha item type
    Dewey Decimal Classification     Juvenile Fiction Footprints International School Library Network Toul Kork Campus Footprints International School Library Network Toul Kork Campus TK Primary Library Room(4th Floor), Bookcase 3&4, Shelves 17-32, Yellow Books 11/03/2023 2 GIL 398.2 FISBK01540 01/22/2025 01/08/2025 1 11/03/2023 Books
    Dewey Decimal Classification     Juvenile Fiction Footprints International School Library Network Toul Kork Campus Footprints International School Library Network Toul Kork Campus   11/03/2023   GIL 398.2 FISTK00885 05/15/2024   2 11/03/2023 Books
    Dewey Decimal Classification     Juvenile Fiction Footprints International School Library Network Toul Kork Campus Footprints International School Library Network Toul Kork Campus TK Primary Library Room(4th Floor), Bookcase 3&4, Shelves 17-32, Yellow Books 11/18/2024   GIL 398.2 2024-2317 11/18/2024   3 11/18/2024 Books
    Dewey Decimal Classification     Juvenile Fiction Footprints International School Library Network Toul Kork Campus Footprints International School Library Network Toul Kork Campus TK Primary Library Room(4th Floor), Bookcase 3&4, Shelves 17-32, Yellow Books 11/25/2024   GIL 398.2 FISTK00886 11/25/2024   4 11/25/2024 Books
    Dewey Decimal Classification     Juvenile Fiction Footprints International School Library Network Toul Tom Poung Campus Footprints International School Library Network Toul Tom Poung Campus TTP Primary Yellow Bookshelves 06/23/2025   GIL 398.2 FIS02207 06/23/2025   5 06/23/2025 Books
    Dewey Decimal Classification     Juvenile Fiction Footprints International School Library Network Toul Tom Poung Campus Footprints International School Library Network Toul Tom Poung Campus TTP Primary Yellow Bookshelves 06/23/2025   GIL 398.2 FIS04892 06/23/2025   6 06/23/2025 Books
    Dewey Decimal Classification     Juvenile Fiction Footprints International School Library Network Toul Tom Poung Campus Footprints International School Library Network Toul Tom Poung Campus TTP Primary Yellow Bookshelves 06/23/2025   GIL 398.2 FISBK05076 06/23/2025   7 06/23/2025 Books